| 000 | 00982nam a2200325Ia 4500 | ||
|---|---|---|---|
| 999 |
_c200426075 _d43999 |
||
| 001 | 62999753 | ||
| 003 | TR-AnTOB | ||
| 005 | 20190729170757.0 | ||
| 008 | 990429s1993 tu 000 0 tur d | ||
| 020 | _a9755450416 | ||
| 040 |
_aBGZ _beng _cTR-AnTOB _erda |
||
| 041 | _atur | ||
| 049 | _aBGZA | ||
| 050 |
_aPR8789 _b.C37 1993 |
||
| 090 |
_aPR8789 _b.C37 1993 |
||
| 100 | 1 |
_aÇapan, Cevat, _d1933- |
|
| 245 | 1 | 0 |
_aİrlanda tiyatrosunda gerçekçilik / _cCevat Çapan. |
| 264 |
_aİstanbul : _bTelos Yayıncılık, _c1993. |
||
| 300 |
_a201, [9] p. ; _c20 cm. |
||
| 336 |
_2rdacontent _atext _btxt |
||
| 337 |
_2rdamedia _aunmediated _bn |
||
| 338 |
_2rdacarrier _a volume _bnc |
||
| 490 | 0 |
_aTelos ; _v35 _aİnceleme ; _v2 |
|
| 504 | _aBibliography: p. [203-205]. | ||
| 650 | 0 |
_aEnglish drama _xIrish authors _xHistory and criticism. |
|
| 651 | 0 |
_aIreland _xLiteratures. |
|
| 651 | 0 |
_aİrlanda _vRoman _xEdebiyat. _999297 |
|
| 942 |
_2lcc _cBK |
||